Beyond the beachhead : the 29th Infantry Division in Normandy /

Follows the movements of the 29th Infantry Division of the U.S. Army over the course of forty-five days of combat during the Normandy campaign.

Bibliographic Details
Main Author: Balkoski, Joseph
Format: Book
Language:English
Published: Mechanicsburg, Pa. : Stackpole Books, [1999]
Edition:2nd ed.
Subjects:

MARC

Tag First Indicator Second Indicator Subfields
LEADER 00000cam a2200000 a 4500
001 in00003422721
005 20151206090135.0
008 981209s1999 pauab b 001 0 eng
010 |a  98053788  
019 |a 732688604 
020 |a 0811726827 
020 |a 9780811726825 
035 |a (OCoLC)ocm40543779 
035 |a (OCoLC)40543779  |z (OCoLC)732688604 
040 |a DLC  |b eng  |c DLC  |d BAKER  |d BTCTA  |d YDXCP  |d TEX  |d SGB  |d TXSPU  |d TXBXL  |d TXA  |d UtOrBLW 
043 |a n-us---  |a e-fr--- 
049 |a TXAM 
050 0 0 |a D756.5.N6  |b B34 1999 
082 0 0 |a 940.54/2142  |2 21 
100 1 |a Balkoski, Joseph. 
245 1 0 |a Beyond the beachhead :  |b the 29th Infantry Division in Normandy /  |c Joseph Balkoski ; with a foreword by Stephen E. Ambrose. 
250 |a 2nd ed. 
264 1 |a Mechanicsburg, Pa. :  |b Stackpole Books,  |c [1999] 
264 4 |c ©1999 
300 |a xvi, 304 pages :  |b illustrations, maps ;  |c 23 cm. 
336 |a text  |b txt  |2 rdacontent 
337 |a unmediated  |b n  |2 rdamedia 
338 |a volume  |b nc  |2 rdacarrier 
504 |a Includes bibliographical references (pages 295-298) and index. 
505 0 |a Twenty-none, let's go, June 1944 -- Stateside: the blue and the gray division, 1917-1942 -- England: "Us and the home guard," October 1942-June 1944 -- The enemy: Festung Europa, 1940-1944 -- Men and guns: the emptiness of the battlefield, 1944 -- D-Day: "We've go to be infantrymen now," June 16, 1944 -- The beachhead: "Boche Kaput," June 7-9, 1944 -- On to St. Lô: "It didn't smell right from the first," June 10-13, 1944 -- Stagnation: "Altogether it was Hell," June 14-July 10, 1944 -- Triumph: the major of St. Lô, July 11-13, 1944. 
520 |a Follows the movements of the 29th Infantry Division of the U.S. Army over the course of forty-five days of combat during the Normandy campaign. 
506 |a Available for distribution in: UNITED KINGDOM, USA. 
500 |a The Cushing Library/Ragan Military copy is a gift of Ann, Fred, and Tracie Burns for the Major Curtis Burns '52 Aviation Collection. 
650 0 |a World War, 1939-1945  |x Campaigns  |z France  |z Normandy. 
610 1 0 |a United States.  |b Army.  |b Infantry Division, 29th  |x History. 
651 0 |a Normandy (France)  |x History, Military. 
938 |a Baker & Taylor  |b BKTY  |c 14.95  |d 11.21  |i 0811726827  |n 0003215174  |s active 
938 |a Baker and Taylor  |b BTCP  |n 98053788 
938 |a YBP Library Services  |b YANK  |n 100147700 
948 |a cataloged  |b h  |c 2013/11/25  |d c  |e lschille  |f 4:29:10 pm 
994 |a C0  |b TXA 
999 |a MARS 
999 f f |s 64ae734e-9e91-3a94-838a-b9178325f543  |i 020168ea-50f4-3713-a365-53d2370a243d  |t 0 
952 f f |p noncirc  |a Texas A&M University  |b College Station  |c Cushing Memorial Library & Archives  |d Cushing: Ragan Military (Does not check out)  |t 0  |e D756.5.N6 B34 1999  |h Library of Congress classification  |i unmediated -- volume  |m A14852152744 
998 f f |a D756.5.N6 B34 1999  |t 0  |l Cushing: Ragan Military (Does not check out)